|
|
|
|
| LEADER |
00000cas a2200000Ia 4500 |
| 001 |
vtls008943446 |
| 003 |
SK-MaSNL |
| 005 |
20260228163550.0 |
| 008 |
070207d20032005xo dr|p 0 b0hun |
| 022 |
|
|
|a 1336-3662
|
| 040 |
|
|
|a SNK
|b slo
|c SNK
|e AACR2
|
| 041 |
0 |
|
|a hun
|
| 044 |
|
|
|a xo
|c SK
|
| 072 |
|
7 |
|a 37
|x Výchova a vzdelávanie
|2 konspekt
|
| 072 |
|
7 |
|a 79
|x Rekreácia. Voľný čas. Zábavy. Hry. Šport
|2 konspekt
|
| 080 |
|
|
|a 379.8
|2 2011
|
| 080 |
|
|
|a 79
|2 2011
|
| 210 |
0 |
|
|a Blikk Szlovákia
|
| 222 |
0 |
|
|a Blikk Szlovákia
|
| 245 |
0 |
0 |
|a Blikk Szlovákia
|
| 246 |
3 |
3 |
|a Blik
|
| 260 |
|
|
|a Bratislava
|b Euroskop Ringier
|c 2003-2005
|
| 300 |
|
|
|a 3 zv.
|c 40 cm
|
| 310 |
|
|
|a Denne
|
| 362 |
0 |
|
|a 1 (2003)-12 (2005)
|z BA001/2013
|
| 650 |
0 |
0 |
|a voľný čas
|9 3355
|
| 655 |
|
7 |
|a zábavné časopisy
|9 145589
|
| 910 |
|
|
|a snk
|
| 999 |
|
|
|c 9872
|d 11802
|
| 952 |
|
|
|0 0
|1 0
|4 0
|7 0
|8 0
|a SNK
|b SNK
|d 2007-02-07
|i snk2007/3630
|l 0
|o snkČSA 1350/10/2003/4
|p 17A0524842
|r 2026-02-21 20:15:56
|t č. 285-355
|w 2026-02-21
|y PREZ
|z Nevyšli č. 286,292,294,298,305,312,313,319,326,333,340,347,350,352
|
| 952 |
|
|
|0 0
|1 0
|4 0
|7 0
|8 0
|a SNK
|b SNK
|d 2007-02-07
|i snk2007/3636
|l 0
|o snkČSA 1350/11/2004/1
|p 17A0524844
|r 2026-02-21 20:19:36
|t č. 1-95
|w 2026-02-21
|y PREZ
|z Nevyšli č. 3,5,10,17,24,31,38,45,52,59,66,72,73,79,86,93
|
| 952 |
|
|
|0 0
|1 0
|4 0
|7 0
|8 0
|a SNK
|b SNK
|d 2007-02-07
|i snk2007/3639
|l 0
|o snkČSA 1350/11/2004/1 D1
|p 17A0524845
|r 2026-02-21 20:19:36
|t č. 1-95
|w 2026-02-21
|y PREZ
|z Nevyšli č. 3,5,10,17,24,31,38,45,52,59,66,72,73,79,86,93
|
| 952 |
|
|
|0 0
|1 0
|4 0
|7 0
|8 0
|a SNK
|b SNK
|d 2007-02-07
|i snk2007/3643
|l 0
|o snkČSA 1350/11/2004/2
|p 17A0524846
|r 2026-02-21 20:19:36
|t č. 96-186
|w 2026-02-21
|y PREZ
|z Nevyšli č. 98,100,106,110,113,119,125,126,128,133,140,144,147,152,153,160,1167,174,175,181,182
|
| 952 |
|
|
|0 0
|1 0
|4 0
|7 0
|8 0
|a SNK
|b SNK
|d 2007-02-07
|i snk2007/3645
|l 0
|o snkČSA 1350/11/2004/2 D1
|p 17A0524847
|r 2026-02-21 20:19:36
|t č. 96-186
|w 2026-02-21
|y PREZ
|z Nevyšli č. 98,100,106,110,113,119,125,126,128,133,140,144,147,152,153,160,1167,174,175,181,182
|
| 952 |
|
|
|0 0
|1 0
|4 0
|7 0
|8 0
|a SNK
|b SNK
|d 2007-02-07
|i snk2007/3647
|l 0
|o snkČSA 1350/11/2004/3
|p 17A0524848
|r 2026-02-21 20:19:36
|t č. 187-272
|w 2026-02-21
|y PREZ
|z Nevyšli č. 188,194,195,202,209,216,223,229,236,243,250,253,257,264,271
|
| 952 |
|
|
|0 0
|1 0
|4 0
|7 0
|8 0
|a SNK
|b SNK
|d 2007-02-07
|i snk2007/3648
|l 0
|o snkČSA 1350/11/2004/3 D1
|p 17A0524849
|r 2026-02-21 20:19:36
|t č. 187-272
|w 2026-02-21
|y PREZ
|z Nevyšli č. 188,194,195,202,209,216,223,229,236,243,250,253,257,264,271
|
| 952 |
|
|
|0 0
|1 0
|4 0
|7 0
|8 0
|a SNK
|b SNK
|d 2007-02-07
|i snk2007/3653
|l 0
|o snkČSA 1350/11/2004/4
|p 17A0524850
|r 2026-02-21 20:19:40
|t č.273-356
|w 2026-02-21
|y PREZ
|z Nevyšli č. 274,278,285,291,298,304,311,314,318,320,325,329,332-334,339,346,351
|
| 952 |
|
|
|0 0
|1 0
|4 0
|7 0
|8 0
|a SNK
|b SNK
|d 2007-02-07
|i snk2007/3654
|l 0
|o snkČSA 1350/11/2004/4 D1
|p 17A0524851
|r 2026-02-21 20:19:40
|t č. 273-356
|w 2026-02-21
|y PREZ
|z Nevyšli č. 274,278,285,291,298,304,311,314,318,320,325,329,332-334,339,346,351
|
| 952 |
|
|
|0 0
|1 0
|4 0
|7 0
|8 0
|a SNK
|b SNK
|d 2007-02-07
|i snk2007/3655
|l 0
|o snkČSA 1350/12/2005
|p 17A0488743
|r 2026-02-21 20:19:42
|t č. 1-16, neúplné
|w 2026-02-21
|y PREZ
|z Chýba č. 1,5,8,15. Prestali vychádzať.
|
| 952 |
|
|
|0 0
|1 0
|4 0
|7 0
|8 0
|a SNK
|b SNK
|d 2007-02-07
|i snk2007/3656
|l 0
|o snkČSA 1350/12/2005 D1
|p 17A0488744
|r 2026-02-21 20:19:42
|t č. 2-16, neúplné
|w 2026-02-21
|y PREZ
|z Chýba č. 1,5,8,15. Prestali vychádzať.
|
| 952 |
|
|
|0 0
|1 0
|4 0
|7 0
|8 0
|a SNK
|b SNK
|d 2007-02-07
|i snk2007/3607
|l 0
|o snkČSA 1350/10/2003/2
|p 17A0524838
|r 2026-02-21 20:19:56
|t č. 122-207
|w 2026-02-21
|y PREZ
|z Nevyšli č.124,125,127,134,141,148,155,161,163,168,175,181,182,189,196,203
|
| 952 |
|
|
|0 0
|1 0
|4 0
|7 0
|8 0
|a SNK
|b SNK
|d 2007-02-07
|i snk2007/3615
|l 0
|o snkČSA 1350/10/2003/2 D1
|p 17A0524839
|r 2026-02-21 20:19:58
|t č. 122-207
|w 2026-02-21
|y PREZ
|z Nevyšli č.124,125,127,134,141,148,155,161,163,168,175,181,182,189,196,203
|
| 952 |
|
|
|0 0
|1 0
|4 0
|7 0
|8 0
|a SNK
|b SNK
|d 2007-02-07
|i snk2007/3624
|l 0
|o snkČSA 1350/10/2003/3 D1
|p 17A0524841
|r 2026-02-21 20:19:58
|t č. 208-284
|w 2026-02-21
|y PREZ
|z Nevyšli č. 210,217,224,230,235,237,238,244,251,252,258,265,272,279,284
|
| 952 |
|
|
|0 0
|1 0
|4 0
|7 0
|8 0
|a SNK
|b SNK
|d 2007-02-07
|i snk2007/3633
|l 0
|o snkČSA 1350/10/2003/4 D1
|p 17A0524843
|r 2026-02-21 20:19:58
|t č. 285-355
|w 2026-02-21
|y PREZ
|z Nevyšli č. 286,292,294,298,305,312,313,319,326,333,340,347,350,352
|
| 952 |
|
|
|0 0
|1 0
|4 0
|7 0
|8 0
|a SNK
|b SNK
|d 2007-02-07
|i snk2007/3619
|l 0
|o snkČSA 1350/10/2003/3
|p 17A0524840
|r 2026-02-21 20:28:58
|t č. 208-284
|w 2026-02-21
|y PREZ
|z Nevyšli č. 210,217,224,230,235,237,238,244,251,252,258,265,272,279,284
|